México : democracia ineficaz /
Conjunto de estudios que integran una evaluación de la gestión presidencial de Vicente Fox en México, conformada por análisis diferenciados de varias de las políticas sectoriales -económica, exterior y social- y planteamientos de las medidas relativas que han de emprenderse para que el país alcance...
Saved in:
| Main Author: | |
|---|---|
| Other Authors: | |
| Format: | Book |
| Language: | Español |
| Published: |
México :
Miguel Angel Porrúa : Centro de Investigación para el Desarrollo,
2006, c2006
|
| Series: | (Las Ciencias Sociales Miguel Angel Porrúa)
|
| Subjects: | |
| Tags: |
No Tags, Be the first to tag this record!
|
MARC
| LEADER | 00000nam^a2200000^a^4500 | ||
|---|---|---|---|
| 001 | 000191604 | ||
| 005 | 20250521000000.0 | ||
| 009 | 20260310102532.043 | ||
| 020 | |a 970-701-729-5 | ||
| 037 | |a Acervo ITESO - Biblioteca | ||
| 041 | |a ESP | ||
| 082 | |a 320. 9720711 |b RUB | ||
| 100 | |a Rubio, Luis |e (coord.) | ||
| 245 | 1 | 0 | |a México : |b democracia ineficaz / |c Coord. e introd. de L. Rubio, S. Kaufman ; presen. de Edna Jaime, Susan Segal. |
| 264 | 4 | |a México : |b Miguel Angel Porrúa : |b Centro de Investigación para el Desarrollo, |c 2006, c2006 | |
| 300 | |a 240 p. | ||
| 336 | |a texto |b txt |2 rdacontenido | ||
| 337 | |a sin mediación |b n |2 rdamedio | ||
| 338 | |a volumen |b nc |2 rdasoporte | ||
| 440 | 5 | |a (Las Ciencias Sociales Miguel Angel Porrúa) | |
| 520 | |a Conjunto de estudios que integran una evaluación de la gestión presidencial de Vicente Fox en México, conformada por análisis diferenciados de varias de las políticas sectoriales -económica, exterior y social- y planteamientos de las medidas relativas que han de emprenderse para que el país alcance un mayor desarrollo. El balance es que si bien la economía y sociedad mexicanas presentaron cambios, notables en grado y rapidez, en el sexenio 2000-2006, restan todavía por llevarse a cabo muchas acciones difíciles. | ||
| 649 | |a XX | ||
| 650 | |a Reforma Económica - |z México - |x Historia | ||
| 650 | |a Política Económica - |z México - |x Historia | ||
| 650 | |a México - |x Condiciones Económicas | ||
| 650 | |a Economía - |z México - |x Historia - |y 1946-2000 | ||
| 650 | |a Economía - |z México - |x Historia - |y Siglo XX | ||
| 650 | |a Economía - |z México - |x Historia - |y 2000-2006 | ||
| 650 | |a Economía - |z México - |x Historia - |y Siglo XXI | ||
| 650 | |a Pobreza - |z México | ||
| 650 | |a Problemas Sociales - |z México | ||
| 650 | |a Política Educativa - |z México - |x Historia | ||
| 650 | |a Política y Salud Pública - |z México - |x Historia | ||
| 650 | |a Política Social - |z México - |x Historia | ||
| 650 | |a Relaciones Internacionales - |z México-EUA - |x Historia | ||
| 650 | |a Política Exterior - |z México - |x Historia | ||
| 650 | |a México - |x Condiciones Políticas | ||
| 650 | |a Política - |z México - |x Historia - |y 2000-2006 | ||
| 650 | |a Política - |z México - |x Historia - |y Siglo XXI | ||
| 650 | |a Política - |z México - |x Historia - |x Tema Principal | ||
| 700 | |a Purcell, Susan Kaufman |e (coordinación) | ||
| 910 | |a Fondo General | ||
| 920 | |a Impresos - Libros | ||
| 930 | |a Colección General | ||
| 905 | |a 101 | ||
| 901 | |a 0500134970 |b IT1 |c ACC |u 20250521 | ||
| 902 | |a https://opac.biblio.iteso.mx/vufind/Record/000191604 | ||